|
|
|
|
| LEADER |
00000nam0a2200000 4500 |
| 001 |
26887 |
| 005 |
20231030201849.0 |
| 010 |
|
|
|a 5789600069
|
| 035 |
|
|
|a (RuTPU)RU\TPU\book\27132
|
| 035 |
|
|
|a BOOK00027207
|
| 090 |
|
|
|a 26887
|
| 100 |
|
|
|a 20011209d1997 m y0rusy50 ca
|
| 101 |
0 |
|
|a rus
|
| 102 |
|
|
|a RU
|
| 105 |
|
|
|a a j 000zy
|
| 200 |
1 |
|
|a Политология
|e учебник
|f А. С. Панарин
|
| 210 |
|
|
|a Москва
|c Проспект
|d 1997
|
| 215 |
|
|
|a 408 с.
|
| 333 |
|
|
|a Исключено из фонда НТБ ТПУ
|
| 451 |
|
1 |
|0 (RuTPU)RU\TPU\book\7344
|y 5789600069
|t Политология
|o учебник
|f А. С. Панарин
|c М.
|n Проспект
|d 1998
|p 408 с.
|a Панарин, А. С.
|
| 686 |
|
|
|a Ф011.6я73
|v LBC/SL-A
|2 rubbk
|
| 700 |
|
1 |
|a Панарин
|b А. С.
|
| 801 |
|
0 |
|a RU
|b 63413507
|c 20011209
|g PSBO
|
| 801 |
|
2 |
|a RU
|b 63413507
|c 20210617
|g PSBO
|
| 942 |
|
|
|c BK
|